Quelle ville française ? - culture générale (Click) - Statistiques

Statistiques générales
  • Ce quiz a été pris 155 fois
  • Le résultat moyen est 12 sur 20
Statistiques - réponses
Hint Réponse % Correct
Est le siège du Parlement européen Strasbourg
92%
Capitale de l’État Français de 1940 à 1944 Vichy
88%
Ville à l'extrémité du Tunnel sous le Manche Calais
86%
Connue pour ses marais salants Guérande
86%
Ville des cannelés Bordeaux
85%
Abrite la Cité internationale de la bande dessinée Angoulême
83%
Ville de l'Exposition Universelle en 1889 Paris
83%
A accueilli les JO en 1992 Albertville
80%
Accueille la Fête du citron Menton
79%
Accueille le Festival Interceltique Lorient
71%
Est le siège d'Interpol Lyon
57%
Est nommée Rijsel en néerlandais Lille
46%
Ville de la Corderie Royale et du Pont Transbordeur Rochefort
40%
Ville natale de Jacques Cartier Saint-Malo
37%
Ville natale de Jean de la Fontaine Château-Thierry
36%
Monet y a peint "Impression, soleil levant" Le Havre
32%
Ville de la Grue Titan et des Anneaux de Buren Nantes
32%
Ville de la Villa Majorelle Nancy
22%
Ville natale de Jean-François Champollion Figeac
19%
Ville natale de Gustave Eiffel Dijon
17%
Aucun quiz correspondant
Distribution des résultats
% des personnes avec chaque résultat
Percentile par nombre de réponses
Votre historique - résultats
Vous n’avez pas pris ce quiz